| 000 | 01058nam a22003377a 4500 | ||
|---|---|---|---|
| 001 | 0065028 | ||
| 003 | KOHA_MİRAKIL | ||
| 005 | 20260207004539.0 | ||
| 007 | ta | ||
| 008 | 191120b2018 tu |||gr||||#0|||0|tur | | ||
| 020 | _a9789750240089 | ||
| 040 |
_aTR-BiSEU _btur _cTR-BiSEU _erda |
||
| 041 | 0 | _atur | |
| 044 | _ctu | ||
| 050 |
_aHD7741.93 _b.S44 2018 |
||
| 100 | 1 | _aSelek, Hasan Selçuk . | |
| 245 | 1 |
_aİş sağlığı ve güvenliği (İSG) : _btemel konular teori, uygulama,yönetmelik/ _cHasan Selçuk Selek ; Hasan Selçuk Selek. |
|
| 264 | 1 |
_aAnkara : _bSeçkin Yayıncılık _c2018 |
|
| 300 |
_a432 sayfa: resimli ; _c24 cm. |
||
| 336 |
_ametin _btxt _2rdacontent |
||
| 337 |
_aaracısız _bn _2rdamedia |
||
| 338 |
_acilt _bnc _2rdacarrier |
||
| 650 | 0 |
_aİş sağlığı ve güvenliği. _92814 |
|
| 650 | 0 |
_aRisk. _95672 |
|
| 650 | 0 |
_aRisk yönetimi. _91676 |
|
| 650 | 0 |
_aÇalışma ortamı. _9121403 |
|
| 650 | 0 |
_aGüvenlik. _959237 |
|
| 650 | 0 |
_aSağlık. _92239 |
|
| 907 | _aİş Sağlığı ve Güvenliği | ||
| 942 |
_2lcc _cBK |
||
| 999 |
_c65279 _d65279 |
||